Principales neoplasias malignas en Mexico / (Registro nro. 23037)

Detalles MARC
000 -LEADER
fixed length control field 01105nam a2200289 4500
001 - CONTROL NUMBER
control field 0000013793
003 - CONTROL NUMBER IDENTIFIER
control field CO-CtgCURN
005 - DATE AND TIME OF LATEST TRANSACTION
control field 20250331185219.0
007 - PHYSICAL DESCRIPTION FIXED FIELD--GENERAL INFORMATION
fixed length control field ta
008 - FIXED-LENGTH DATA ELEMENTS--GENERAL INFORMATION
fixed length control field 160627s1999 000 0 eng d
020 ## - INTERNATIONAL STANDARD BOOK NUMBER
International Standard Book Number 9684268114
040 ## - CATALOGING SOURCE
Original cataloging agency CO-CtgCURN
Language of cataloging spa
Transcribing agency coctgcurn
082 0# - DEWEY DECIMAL CLASSIFICATION NUMBER
Classification number 616.99
Item number M35p
100 1# - MAIN ENTRY--PERSONAL NAME
Personal name Meneses García, Abelardo.
245 10 - TITLE STATEMENT
Title Principales neoplasias malignas en Mexico /
Statement of responsibility, etc. Abelardo Meneses García, Alejandro Mohar Betancourt.
260 ## - PUBLICATION, DISTRIBUTION, ETC.
Place of publication, distribution, etc. Mexico :
Name of publisher, distributor, etc. Manual Moderno,
Date of publication, distribution, etc. 1999.
300 ## - PHYSICAL DESCRIPTION
Extent xii, 137 p.
336 ## - CONTENT TYPE
Source rdacontent
337 ## - MEDIA TYPE
Source rdamedia
Media type term sin mediacion
Media type code n
338 ## - CARRIER TYPE
Source rdacarrier
Carrier type term volumen
Carrier type code nc
500 ## - GENERAL NOTE
General note Incluye bibliografias.
505 8# - FORMATTED CONTENTS NOTE
Formatted contents note Mortalidad por cancer en mexico.--La autopsia en la epidemiología de las neoplasias malignas.--Neoplasias malignas del aparato digestivo y repiratorio superior.--Cancer de mama.--Cancer gastrico.Tumares malignos de la piel
650 14 - SUBJECT ADDED ENTRY--TOPICAL TERM
Topical term or geographic name entry element Cancer
Form subdivision Epidemiología.
908 ## - PUT COMMAND PARAMETER (RLIN)
Put command parameter 160627
942 ## - ADDED ENTRY ELEMENTS (KOHA)
Koha item type Libros
Classification part 616.99
Item part M35p
Source of classification or shelving scheme Dewey Decimal Classification
Existencias
Withdrawn status Lost status Source of classification or shelving scheme Damaged status Not for loan Collection Home library Current library Shelving location Date acquired Inventory number Total checkouts Full call number Barcode Date last seen Price effective from Koha item type Public note
    Dewey Decimal Classification     General Miguel Henríquez Emiliani Miguel Henríquez Emiliani General 03/31/2025 009434   616.99 M35p 009434 03/31/2025 03/31/2025 Libros 610-CIENME